00408nam a2200157Ia 4500008004100000020001500041041001200056082001600068100001900084245005200103250000800155260004800163300000800211650001500219700001600234221030s9999 xx 000 0 und d a8122411851 aEnglish a105.23bNar aK. L. Narayana 0aMachine Drawingcby K. L. Narayana, P. Kannaiah a2nd bNew Age International Ltd.aNew Delhic2001 a411 aMechanical aP. Kannaiah